El principito: un libro carrusel
Guardat en:
| Autor principal: | |
|---|---|
| Format: | Llibre |
| Idioma: | espanyol |
| Publicat: |
Barcelona
El Aleph
2006
|
| Edició: | 1a. ed |
| Matèries: | |
| Etiquetes: |
Afegir etiqueta
Sense etiquetes, Sigues el primer a etiquetar aquest registre!
|
MARC
| LEADER | 00000nam a2200000 a 4500 | ||
|---|---|---|---|
| 001 | UCG2245 | ||
| 003 | CL-VaPUC | ||
| 008 | 100624e20061100SP |||||||||||||||||spa|d | ||
| 020 | |a 8476697430 | ||
| 082 | 0 | 4 | |a 9 |b SAI |2 21 |
| 100 | 0 | |a Saint-Exupery, Antoine de |e author |9 315926 | |
| 245 | 1 | 3 | |a El principito: un libro carrusel |
| 250 | |a 1a. ed | ||
| 300 | |a pág. irreg | ||
| 942 | |c BK | ||
| 945 | |d 20100624 00:00:00 |a dcastane | ||
| 260 | |a Barcelona |b El Aleph |c 2006 | ||
| 650 | 0 | |a Literatura francesa |9 266330 | |
| 650 | 0 | |a Cuentos infantiles |9 308044 | |
| 583 | |a last modification |c 20130326 11:29:01 |k Rodrigo Vera | ||
| 999 | |c 341473 |d 341471 | ||
| 952 | |0 0 |1 0 |4 0 |6 9_000000000000000_SAI_2006 |7 0 |8 C |9 436987 |a BIBCUR |b BIBCUR |d 2019-11-22 |i 4671015 |l 5 |o 9 SAI 2006 |p 4671015 |r 2025-04-22 |s 2024-09-11 |w 2019-11-22 |y BK |k INF | ||